Mitos e lendas do folclore do Brasil (Record no. 74671)

MARC details
000 -LÍDER
campo de controle de tamanho fixo 00383 a2200157 4500
001 - NÚMERO DE CONTROLE
campo de controle 74671
020 ## - ISBN - INTERNATIONAL STANDARD BOOK NUMBER
ISBN - International Standard Book Number 9788535634075
040 ## - FONTE DA CATALOGAÇÃO
Instituição que transcreveu o registro Anchieta - Colégio São Paulo
100 ## - ENTRADA PRINCIPAL--NOME PESSOAL
Nome pessoal Bag, Mario
240 10 - TÍTULO UNIFORME
Título uniforme Mitos e lendas do folclore do Brasil
Idioma da obra por
245 10 - TÍTULO
Título Mitos e lendas do folclore do Brasil
300 ## - DESCRIÇÃO FÍSICA
Extensão 60
362 0# - DATAS DE PUBLICAÇÃO E/OU DESIGNAÇÃO SEQUENCIAL
Datas de publicação e/ou designação sequencial 2013
650 #4 - ASSUNTO--TERMO TÓPICO
Cabeçalho tópico ou nome geográfico Literatura infantil
942 ## - ELEMENTOS DE ENTRADA ADICIONADOS (KOHA)
Tipo de material Koha Livros
Holdings
Situação do descarte Situação das perdas Situação física Não pode ser emprestado Biblioteca de origem Biblioteca atual Data de aquisição Total de empréstimos Número de chamada completo Código de barras Data de último acesso Data do preço efetivo Tipo de material Koha
        Colégio São Paulo Colégio São Paulo 22/11/2023   LI 028.5 B144m 5507/CSP 22/11/2023 22/11/2023 Livros
        Leonardo Da Vinci - Alphaville 2 Leonardo Da Vinci - Alphaville 2 27/03/2024   028.5 B132m 2A923 27/03/2024 27/03/2024 Livros